[Event "Tortosa op"]
[Site "Tortosa"]
[Date "1996.07.09"]
[Round "5"]
[White "Mane Vila, Albert"]
[Black "Bellobi Roca, Jose Ramon"]
[Result "0-1"]
[WhiteElo "1960"]
[BlackElo "1830"]
[PlyCount "82"]
[EventDate "1996.07.05"]
[EventType "swiss"]
[EventRounds "9"]
[EventCountry "ESP"]
[SourceTitle "EXT 2003"]
[Source "ChessBase"]
[SourceDate "2002.11.25"]
[SourceVersion "1"]
[SourceVersionDate "2002.11.25"]
[SourceQuality "1"]

1. e4 e5 2. Nf3 Nf6 3. Nc3 Nc6 4. d4 exd4 5. Nxd4 Bb4 6. Qd3 Ne5 7. Qe2 0-0 8. Bg5 d5 9. Bxf6 Qxf6 10. 0-0-0 Bxc3 11. bxc3 Rd8 12. f3 Be6 13. Nxe6 Qxe6 14. exd5 Rxd5 15. Rxd5 Qxd5 16. c4 Qd4 17. Kb1 Rd8 18. g3 Qc3 19. Bh3 Rd2 20. Qe4 g6 21. g4 Nd3 22. Qxd3 Rxd3 23. cxd3 Qxd3+ 24. Kb2 Qxf3 25. Rf1 Qxh3 26. Rc1 Qxg4 27. Kb3 c5 28. Rc3 b5 29. cxb5 Qb4+ 30. Kc2 Qxb5 31. Kd2 Qb2+ 32. Rc2 Qd4+ 33. Ke2 c4 34. Rd2 Qe5+ 35. Kd1 c3 36. Rc2 f5 37. h3 f4 38. a4 f3 39. Rf2 Qe3 40. Rc2 f2 41. Re2 f1R+ 0-1